000 00737nam a22002417a 4500
008 131116b xxu||||| |||| 00| 0 eng d
020 _a81-7024-605-9
024 _cAvailable
037 _cAvailable
040 _aMBSTU LIBRARY
_dMBSTU LIBRARY
082 _222
_a363.70954 GHE
100 _aGhosh, G.K.
245 _aEnvironmental development , volume-1,2
260 _aNew Delhi
_bAshish Pub.
_c1994
300 _a22 cm.
_b324 page
_f2
_g22 cm.
600 _2Environmental problems-India.
650 _2Environmental problems-India.
700 _aGhosh, G.K.
270 _aNew Delhi
_bNew Delhi
_dIndia
365 _b2243.00
_d2243.00
942 _2ddc
_cBK
999 _c842
_d842